00460nam a2200193Ia 4500003000900000008004100009040001300050040001300063041000800076100001900084245007600103250000900179260002100188260000900209300001100218300001000229490002100239490000600260IT-RoPAU120407s9999 xx 000 0 und d aIT-RoPAU cIT-RoPAU aita aW. K. Grossouw aSpiritualità biblica. Riflessioni sullo spirito del Nuovo Testamento. aRoma aEdizioni Paoline c1963 a249 p. c18 cm aOrientamenti, 21 v1